Microeconomics /
This book is divided into five parts: Introduction; The consumer's decisions; Decisions of the firm manager; Welfare economics; and Risk and Time.
Сохранить в:
| Главный автор: | |
|---|---|
| Формат: | |
| Язык: | English |
| Опубликовано: |
Boston, Mass. :
Houghton Mifflin,
1994.
|
| Предметы: | |
| Метки: |
Добавить метку
Нет меток, Требуется 1-ая метка записи!
|
| Thư viện lưu trữ: | Mạng thư viện Đại học Đà Nẵng |
|---|
| LEADER | 01199cam a2200349 i 4500 | ||
|---|---|---|---|
| 001 | 000047364 | ||
| 003 | 7029 | ||
| 005 | 20180109143622.0 | ||
| 008 | 010316b1994 vm 000 eng | ||
| 020 | |a 0395539986 | ||
| 040 | |a LRC |c LRCC |d LRCC | ||
| 041 | 0 | |a eng | |
| 082 | 1 | 4 | |a 338.5 |b GR-E |
| 100 | 1 | |a Grinols, Earl L., |d 1951- | |
| 245 | 0 | 0 | |a Microeconomics / |c Earl L. Grinols. |
| 260 | |a Boston, Mass. : |b Houghton Mifflin, |c 1994. | ||
| 300 | |a xxxii, 711 p. ; |c 23cm. | ||
| 520 | 3 | |a This book is divided into five parts: Introduction; The consumer's decisions; Decisions of the firm manager; Welfare economics; and Risk and Time. | |
| 630 | 0 | 4 | |a Microeconomics. |
| 650 | 0 | 4 | |a Microeconomics. |
| OWN | |a DUT | ||
| AVA | |a UDN50 |b DUT |c Book |d 338.5 GR-E |e available |t Error 5001 Not defined in file expand_doc_bib_avail. |f 1 |g 0 |h N |i 0 |j SH |k 1 | ||
| 999 | |a From the UDN01 | ||
| AVA | |a UDN50 |b DUT |c Book |d 338.5 GR-E |e available |t Error 5001 Not defined in file expand_doc_bib_avail. |f 1 |g 0 |h N |i 0 |j SH |k 1 | ||
| TYP | |a Monograph | ||
| TYP | |a Printed language | ||
| 980 | |a Mạng thư viện Đại học Đà Nẵng | ||


